LEADER 02362cam2 2200469 450 001 E600200050875 005 20221012100924.0 100 $a20090630d2009 |||||ita|0103 ba 101 $aita$aeng 102 $aIT 200 1 $a1$eStudies on Vesuvius North slope and the bay of Naples$fedited by Girolamo F. De Simone, Roger T. Macfarlane 210 $aRoma$cHerder$d2009 215 $a379 p.$cill.$d30 cm 225 2 $aQuaderni della ricerca scientifica$hSerie beni culturali$v14 300 $aIn testa al frontespizio: Università degli studi Suor Orsola Benincasa; Brigham Young University 410 1$1001LAEC00021761$12001 $a*Quaderni della ricerca scientifica. Serie beni culturali$v14 461 1$1001E600200050874$12000 $aApolline project 702 1$aDe Simone, Girolamo$3A600200051646$4070 702 1$aMacfarlane, Roger T.$3A600200055618$4070 712 02$a*Università degli studi *Suor *Orsola *Benincasa$3A600200035685$4070 712 02$a*Brigham *Young *University$3SOBA00001427$4070 801 0$aIT$bUNISOB$c20221012$gRICA 850 $aUNISOB 852 $aUNISOB$j700$m145515 852 $aUNISOB$j700$m145516 852 $aUNISOB$j700$m145517 852 $aUNISOB$j700$m145518 852 $aUNISOB$j700$m145519 852 $aUNISOB$j700$m151113 852 $aUNISOB$jFondo|De|Sanctis|F$m154775 912 $aE600200050875 940 $aM 102 Monografia moderna SBN 941 $aM 957 $a700$b004363$gSI$d145515$1catenacci$2UNISOB$3UNISOB$420090630065727.0$520191106173540.0$6Spinosa 957 $a700$b004363$i-b$gSI$d145516$1menle$2UNISOB$3UNISOB$420111031113714.0$520191106173552.0$6Spinosa 957 $a700$b004363$i-c$gSI$d145517$1menle$2UNISOB$3UNISOB$420111031113809.0$520191106173606.0$6Spinosa 957 $a700$b004363$i-d$gSI$d145518$1menle$2UNISOB$3UNISOB$420111031113838.0$520191106173619.0$6Spinosa 957 $a700$b004363$i-e$gSI$d145519$1menle$2UNISOB$3UNISOB$420111031113913.0$520191106173634.0$6Spinosa 957 $a700$b004363$i-f$gSI$d151113$1menle$2UNISOB$3UNISOB$420111031113946.0$520191106173651.0$6Spinosa 957 $aFondo|De|Sanctis|F$bCXC (190)$i-1$gCON$d154775$hDeSanctisF$rdono$tV$1menle$2UNISOB$3UNISOB$420111031114105.0$520221012100924.0$6bethb$fPer le modalità di consultazione vedi homepage della Biblioteca link Fondi 996 $a1$961339 997 $aUNISOB LEADER 01841nam 2200445 a 450 001 9910973580203321 005 20200520144314.0 010 $a1-942317-27-1 035 $a(CKB)3840000000356472 035 $a(MiAaPQ)EBC3026993 035 $a(Au-PeEL)EBL3026993 035 $a(CaPaEBR)ebr10480940 035 $a(OCoLC)842972841 035 $a(BIP)59289374 035 $a(EXLCZ)993840000000356472 100 $a20110715d2011 uy 0 101 0 $aeng 135 $aurcn||||||||| 181 $ctxt$2rdacontent 182 $cc$2rdamedia 183 $acr$2rdacarrier 200 00$aErnani $ea dramma lirico (lyric drama) in Italian in four parts : premiere, Teatro la Fenice, Venice, March 9, 1844 /$fadapted from the Opera journeys lecture series by Burton D. Fisher 210 $a[Boca Raton, Fla.] $cOpera Journeys Pub.$d2011 215 $a21 p 225 0 $aOpera journeys mini guide series 300 $a"Music by Giuseppe Verdi ; libretto by Francesco Maria Piave, after Hernani (1830), a play by Victor Hugo." 330 $aA comprehensive new OPERA STUDY GUIDE AND LIBRETTO of Verdi's ERNANI, featuring Principal Characters in the Opera; Brief Story Synopsis; Story Narrative with Music Highlight Examples; a newly translated LIBRETTO with Italian and English translation side-by-side, with Music Highlight Examples; and Burton D. Fisher's in depth and insightful Commentary and Analysis. 606 $aOpera programs 615 0$aOpera programs. 701 $aFisher$b Burton D$01800023 701 $aPiave$b Francesco Maria$f1810-1876.$0156086 701 $aHugo$b Victor$f1802-1885.$0175104 701 $aVerdi$b Giuseppe$f1813-1901.$0155873 801 0$bMiAaPQ 801 1$bMiAaPQ 801 2$bMiAaPQ 906 $aBOOK 912 $a9910973580203321 996 $aErnani$94470800 997 $aUNINA